| 000 | 00757nam a22002417a 4500 | ||
|---|---|---|---|
| 001 | 3766 | ||
| 003 | FISKH | ||
| 005 | 20240506091456.0 | ||
| 008 | 240506b cb ||||| |||| 00| 0 eng d | ||
| 040 |
_aFISK _beng _cFISK _dFISK |
||
| 050 | _aPZ7.M53328 | ||
| 082 | _a813.6 | ||
| 100 |
_aMercer Sienna _d1956- |
||
| 245 |
_aFangtastic! / _cSienna Mercer |
||
| 260 |
_aNew York : _bScholastic, _c2008 |
||
| 300 |
_a198 pages : _c20 cm |
||
| 505 | _aM | ||
| 520 | _aEighth-grade twins Olivia and Ivy and their friends try to prevent a nosy television reporter, Serena Star, from uncovering the secret community of vampires in Franklin Grove. | ||
| 521 | 8 |
_a760 _bLexiles, |
|
| 700 | _aSienna Mercer | ||
| 942 |
_2lcc _cBK _n0 |
||
| 999 |
_c3766 _d3766 |
||